Szczegóły MARC21

Przewodnik do ćwiczeń z makroekonomii : skrypt dla studentów Wydziału Zarządzania i Ekonomiki Usług Uniwersyte tu Szczecińskiego /

005 -DATA I CZAS OSTATNIEJ MODYFIKACJI [,]
    • @
    • pole kontrolne
    • 20070315155141.9
020 -Międzynarod. znormalizowany nr książki - ISBN [ , ]
    • a
    • Numer ISBN
    • 8387249203 Find
040 -Instytucja sporządzająca opis [ , ]
    • a
    • Instytucja, która sporządziła opis (NP)
    • SZCZ U
    • c
    • Instytucja, która sporządziła rekord (NP)
    • SZCZ U
041 -Język dokumentu [0, ]
    • a
    • Język tekstu (P)
    • polski
    • h
    • Język tekstu oryginalnego i/lub pośredniego (P)
    • polski
942 -Rodzaj dokumentu [ , ]
    • c
    • Rodzaj dokumentu
    • Książka
100 -Hasło główne - nazwa osobowa [ , ]
    • a
    • Nazwa osobowa (NP)
    • LEŹNICKA, ANNA
245 -Strefa tytułu i oznaczenia odpowiedzialności [1, ]
    • a
    • Tytuł
    • Przewodnik do ćwiczeń z makroekonomii : Find
    • b
    • Ciąg dalszy tytułu (NP)
    • skrypt dla studentów Wydziału Zarządzania i Ekonomiki Usług Uniwersyte tu Szczecińskiego / Find
    • c
    • Pozostałe elementy strefy tytułu i oznaczenia odpowiedzialności (NP)
    • Anna Leźnicka ; Polskie Towarzystwo Ekonomiczne.
250 -Strefa wydania [ , ]
    • a
    • Oznaczenie wydania (NP)
    • [Wyd.4 popr.].
260 -Strefa adresu wydawniczego [ , ]
    • a
    • Miejsce wydania (P)
    • Szczecin :
    • b
    • Nazwa wydawcy (P)
    • PTE
    • c
    • Data wydania (P)
    • 1999.
300 -Strefa opisu fizycznego [ , ]
    • a
    • Określenie formy książki i/lub objętość (NP)
    • 87 s. :
    • b
    • Oznaczenie ilustracji (NP)
    • rys. :
    • c
    • Format (NP)
    • 24 cm.
080 -Uniwersalna Klasyfikacja Dziesiętna [ , ]
    • a
    • Symbol klasyfikacji
    • 330.101.541(075.8)
980 -Symbol UKD [ , ]
    • a
    • UKD
    • 330.101.541(075.8)
920 -ISBN [ , ]
    • a
    • ISBN
    • 83-87249-20-3 Find
Lokalizacja Data inwentaryzacji Sygnatura Numer inwentarzowy Status udost.
T2000-04-18T.2279T.2279-3
T2000-04-18T.2280T.2280-3
T2000-04-18T.2281T.2281-3
T2000-04-18T.2282T.2282-3
T2000-04-18T.2283T.2283-3
T2000-04-18T.2284T.2284-3
T2004-06-23TM.2386TM.2386-3